[Event "HUN-chT2 Barcza 1314"]
[Site "Hungary"]
[Date "2014.04.13"]
[Round "10"]
[White "Toldy, Emil"]
[Black "Burinda, Gabor"]
[Result "1-0"]
[WhiteElo "1778"]
[BlackElo "1700"]
[PlyCount "45"]
[EventDate "2013.09.08"]
[EventType "team-tourn"]
[EventRounds "11"]
[EventCountry "HUN"]
[SourceTitle "EXT 2016"]
[Source "ChessBase"]
[SourceDate "2015.10.08"]
[SourceVersion "1"]
[SourceVersionDate "2015.10.08"]
[SourceQuality "1"]
[WhiteTeam "Debrecen EAC"]
[BlackTeam "Kazincbarcika"]
[WhiteTeamCountry "HUN"]
[BlackTeamCountry "HUN"]

1. e4 e6 2. d4 f5 3. e5 d5 4. Nf3 c5 5. c3 Nc6 6. Be2 Bd7 7. 0-0 Rc8 8. Be3 cxd4 9. cxd4 Qb6 10. Qd2 Bb4 11. Nc3 Nge7 12. Rfc1 0-0 13. a3 Bxc3 14. Rxc3 Ng6 15. g3 h6 16. Bxh6 gxh6 17. Qxh6 Nce7 18. Ng5 Rf7 19. Rxc8+ Bxc8 20. Nxf7 Qxb2 21. Ng5 Qxa1+ 22. Kg2 Nf8 23. Bh5 1-0

[Event "HUN-chT2 Barcza 1314"]
[Site "Hungary"]
[Date "2014.03.02"]
[Round "8"]
[White "Toldy, Emil"]
[Black "Radai, Zoltan Mate"]
[Result "0-1"]
[WhiteElo "1778"]
[BlackElo "1645"]
[PlyCount "44"]
[EventDate "2013.09.08"]
[EventType "team-tourn"]
[EventRounds "11"]
[EventCountry "HUN"]
[SourceTitle "EXT 2016"]
[Source "ChessBase"]
[SourceDate "2015.10.08"]
[SourceVersion "1"]
[SourceVersionDate "2015.10.08"]
[SourceQuality "1"]
[WhiteTeam "Debrecen EAC"]
[BlackTeam "Nyiregyhaza"]
[WhiteTeamCountry "HUN"]
[BlackTeamCountry "HUN"]

1. e4 e5 2. Nf3 Nc6 3. Bc4 Nf6 4. Ng5 d5 5. exd5 Nd4 6. c3 b5 7. Bf1 Nxd5 8. cxd4 Qxg5 9. Bxb5+ Bd7 10. Qa4 Rd8 11. Bxd7+ Rxd7 12. 0-0 Nf4 13. g3 Ne2+ 14. Kh1 Qg4 15. f3 Qh3 16. Rg1 Nxg1 17. Kxg1 exd4 18. Qxa7 Be7 19. a4 0-0 20. Qb7 Re8 21. Qe4 d3 22. Nc3 Bc5+ 0-1

[Event "HUN-chT2 Barcza 1314"]
[Site "Hungary"]
[Date "2013.11.03"]
[Round "4"]
[White "Pribelszky, Bence"]
[Black "Toldy, Emil"]
[Result "1-0"]
[WhiteElo "1808"]
[BlackElo "1778"]
[PlyCount "41"]
[EventDate "2013.09.08"]
[EventType "team-tourn"]
[EventRounds "11"]
[EventCountry "HUN"]
[SourceTitle "EXT 2016"]
[Source "ChessBase"]
[SourceDate "2015.10.08"]
[SourceVersion "1"]
[SourceVersionDate "2015.10.08"]
[SourceQuality "1"]
[WhiteTeam "Miskolc KisBocsok"]
[BlackTeam "Debrecen EAC"]
[WhiteTeamCountry "HUN"]
[BlackTeamCountry "HUN"]

1. e4 c5 2. Nf3 Nc6 3. d4 cxd4 4. Nxd4 g6 5. Nc3 Bg7 6. Be3 Nf6 7. f3 0-0 8. Qd2 d5 9. Nxc6 bxc6 10. e5 Nd7 11. f4 e6 12. Na4 Nxe5 13. Bd4 Ng4 14. Bxg7 Kxg7 15. Be2 Nf6 16. Qc3 Bd7 17. Nc5 Qe7 18. 0-0-0 Rfc8 19. Nxd7 Qxd7 20. g4 Qd6 21. Rhf1 1-0

[Event "HUN-chT2 Barcza 1314"]
[Site "Hungary"]
[Date "2013.09.08"]
[Round "1"]
[White "Toldy, Emil"]
[Black "Kucsa, Andras"]
[Result "1/2-1/2"]
[WhiteElo "1778"]
[BlackElo "1952"]
[PlyCount "34"]
[EventDate "2013.09.08"]
[EventType "team-tourn"]
[EventRounds "11"]
[EventCountry "HUN"]
[SourceTitle "EXT 2016"]
[Source "ChessBase"]
[SourceDate "2015.10.08"]
[SourceVersion "1"]
[SourceVersionDate "2015.10.08"]
[SourceQuality "1"]
[WhiteTeam "Debrecen EAC"]
[BlackTeam "Tiszavasvar"]
[WhiteTeamCountry "HUN"]
[BlackTeamCountry "HUN"]

1. e4 c5 2. Nf3 d6 3. d4 cxd4 4. Nxd4 a6 5. c4 Nf6 6. Nc3 e6 7. Be2 Qc7 8. Be3 b6 9. 0-0 Nbd7 10. Qd2 Be7 11. Rfc1 Bb7 12. f3 0-0 13. Bf1 Rac8 14. Qf2 Rfd8 15. a4 Nc5 16. b4 Ncd7 17. Nb3 Ba8 1/2-1/2

[Event "HUN-chT2 Maroczy 1011"]
[Site "Hungary"]
[Date "2010.11.21"]
[Round "6"]
[White "Biro, Istvan"]
[Black "Toldy, Emil"]
[Result "1-0"]
[WhiteElo "1965"]
[BlackElo "1777"]
[PlyCount "111"]
[EventDate "2010.09.12"]
[EventType "team-tourn"]
[EventRounds "11"]
[EventCountry "HUN"]
[SourceTitle "EXT 2012"]
[Source "ChessBase"]
[SourceDate "2011.11.24"]
[SourceVersion "1"]
[SourceVersionDate "2011.11.24"]
[SourceQuality "1"]
[WhiteTeam "Oroshaza"]
[BlackTeam "Debrecen SBE"]
[WhiteTeamCountry "HUN"]
[BlackTeamCountry "HUN"]

1. e4 c5 2. Nf3 Nc6 3. d4 cxd4 4. Nxd4 g6 5. Nc3 Bg7 6. Be3 Nf6 7. f3 0-0 8. Bc4 Qa5 9. Bb3 d5 10. Nxc6 bxc6 11. Qd2 dxe4 12. Nxe4 Qxd2+ 13. Nxd2 Nd5 14. Bxd5 cxd5 15. c3 h5 16. 0-0-0 Bf5 17. Nb3 Rfd8 18. Nd4 Bd7 19. Nb3 Ba4 20. Rhe1 e6 21. Bd4 Rdc8 22. Bxg7 Kxg7 23. Rd4 Bxb3 24. axb3 Rab8 25. Kc2 Rb7 26. Ra4 Kf6 27. Rea1 Rcc7 28. h4 Ke5 29. g3 Kf6 30. Ra6 g5 31. R6a4 Kg6 32. Rh1 f6 33. g4 Rh7 34. hxg5 fxg5 35. gxh5+ Rxh5 36. Rxh5 Kxh5 37. Ra6 Re7 38. Kd3 e5 39. Rd6 e4+ 40. Ke3 Rf7 41. fxe4 dxe4 42. c4 g4 43. Kxe4 g3 44. Rd1 Kg4 45. Rg1 Rb7 46. c5 Rxb3 47. Ra1 Rb7 48. c6 Rc7 49. Kd5 Rf7 50. Rc1 Rf5+ 51. Kd6 g2 52. c7 Rf1 53. c8Q+ Kg3 54. Qg8+ Kh2 55. Rc2 Rg1 56. Qg4 1-0

[Event "HUN-chT2 Maroczy 1011"]
[Site "Hungary"]
[Date "2010.10.10"]
[Round "3"]
[White "Mester, Attila"]
[Black "Toldy, Emil"]
[Result "1-0"]
[WhiteElo "2113"]
[BlackElo "1777"]
[PlyCount "51"]
[EventDate "2010.09.12"]
[EventType "team-tourn"]
[EventRounds "11"]
[EventCountry "HUN"]
[SourceTitle "EXT 2012"]
[Source "ChessBase"]
[SourceDate "2011.11.24"]
[SourceVersion "1"]
[SourceVersionDate "2011.11.24"]
[SourceQuality "1"]
[WhiteTeam "Penzugyor II"]
[BlackTeam "Debrecen SBE"]
[WhiteTeamCountry "HUN"]
[BlackTeamCountry "HUN"]

1. e4 c5 2. Nf3 Nc6 3. d4 cxd4 4. Nxd4 g6 5. c4 Bg7 6. Be3 Nf6 7. Nc3 0-0 8. Be2 d6 9. 0-0 a5 10. Qd2 Nxd4 11. Bxd4 Bd7 12. b3 Bc6 13. f3 Nd7 14. Be3 Nc5 15. Rab1 Qb6 16. Rfc1 Rfc8 17. Kh1 Qb4 18. Rc2 Kf8 19. Qc1 Qb6 20. a3 Qd8 21. b4 axb4 22. axb4 Ne6 23. Rd2 Qc7 24. b5 Bxc3 25. Qxc3 f6 26. bxc6 1-0

[Event "HUN-chT2 Barcza 1011"]
[Site "Hungary"]
[Date "2010.09.26"]
[Round "2.4"]
[White "Toldy, Emil"]
[Black "Balogh, Sandor"]
[Result "1/2-1/2"]
[WhiteElo "1777"]
[BlackElo "2193"]
[PlyCount "61"]
[EventDate "2010.09.12"]
[EventType "team-tourn"]
[EventRounds "11"]
[EventCountry "HUN"]
[SourceTitle "EXT 2012"]
[Source "ChessBase"]
[SourceDate "2011.11.24"]
[SourceVersion "1"]
[SourceVersionDate "2011.11.24"]
[SourceQuality "1"]
[WhiteTeam "Debrecen Sakkbaratok"]
[BlackTeam "Debrecen Betu"]
[WhiteTeamCountry "HUN"]
[BlackTeamCountry "HUN"]

1. e4 c5 2. Nf3 Nc6 3. d4 cxd4 4. Nxd4 Nf6 5. Nc3 e5 6. Ndb5 d6 7. Nd5 Nxd5 8. exd5 Ne7 9. c4 Ng6 10. Bd3 Be7 11. 0-0 0-0 12. Kh1 a6 13. Nc3 f5 14. f3 Bd7 15. a4 Bg5 16. Ne2 h6 17. a5 Qe7 18. Qc2 Rae8 19. Bxg5 Qxg5 20. Qc1 Qe7 21. Qe3 f4 22. Qb6 Bf5 23. Be4 Bxe4 24. fxe4 Nh4 25. Ng1 g5 26. b4 g4 27. c5 Qh7 28. Rae1 Rd8 29. cxd6 Qd7 30. Rc1 Qxd6 31. Qxd6 1/2-1/2

[Event "HUN-chT2 Barcza 0910"]
[Site "Hungary"]
[Date "2010.02.28"]
[Round "7.11"]
[White "Toldy, Emil"]
[Black "Forgacs, Laszlo"]
[Result "1-0"]
[WhiteElo "1650"]
[BlackElo "1629"]
[PlyCount "101"]
[EventDate "2009.11.08"]
[EventType "team-tourn"]
[EventRounds "11"]
[EventCountry "HUN"]
[SourceTitle "EXT 2011"]
[Source "ChessBase"]
[SourceDate "2010.11.26"]
[SourceVersion "1"]
[SourceVersionDate "2010.11.26"]
[SourceQuality "1"]
[WhiteTeam "Debrecen Sakkbaratok"]
[BlackTeam "DEAC"]
[WhiteTeamCountry "HUN"]
[BlackTeamCountry "HUN"]

1. e4 e5 2. f4 d6 3. Nf3 Nc6 4. Bc4 Be7 5. 0-0 h6 6. fxe5 dxe5 7. Bxf7+ Kf8 8. Bb3 Nf6 9. Qe2 Bg4 10. Nc3 Nd4 11. Qe1 Nxf3+ 12. gxf3 Bh3 13. Rf2 Bc5 14. Kh1 Bxf2 15. Qxf2 Qe8 16. d3 c6 17. f4 Qe7 18. Qg3 Be6 19. Bxe6 Qxe6 20. fxe5 Nh5 21. Qf3+ Qf7 22. Kg2 Qxf3+ 23. Kxf3 Rd8 24. Be3 g5 25. Rf1 Kg7 26. Kg4 Kg6 27. Bxa7 Rhf8 28. Rxf8 Rxf8 29. Be3 Nf4 30. a4 Ne6 31. Ne2 c5 32. Nc3 Nd4 33. Bxd4 cxd4 34. Ne2 Re8 35. Nxd4 Rxe5 36. b4 Re8 37. h4 h5+ 38. Kg3 g4 39. a5 Kf6 40. Ne2 Ke5 41. Nf4 Rh8 42. Ng6+ Kd4 43. Nxh8 Kc3 44. e5 Kxc2 45. e6 Kb3 46. b5 Kb4 47. a6 b6 48. a7 Kxb5 49. e7 Kc5 50. e8Q Kd4 51. a8Q 1-0

[Event "HUN-chT2 Barcza 0910"]
[Site "Hungary"]
[Date "2010.01.31"]
[Round "5.11"]
[White "Toldy, Emil"]
[Black "Bodnar, Barbara"]
[Result "1/2-1/2"]
[WhiteElo "1650"]
[BlackElo "1597"]
[PlyCount "89"]
[EventDate "2009.11.08"]
[EventType "team-tourn"]
[EventRounds "11"]
[EventCountry "HUN"]
[SourceTitle "EXT 2011"]
[Source "ChessBase"]
[SourceDate "2010.11.26"]
[SourceVersion "1"]
[SourceVersionDate "2010.11.26"]
[SourceQuality "1"]
[WhiteTeam "Debrecen Sakkbaratok"]
[BlackTeam "Nyiregyhaza"]
[WhiteTeamCountry "HUN"]
[BlackTeamCountry "HUN"]

1. e4 e5 2. f4 d6 3. Nf3 Nc6 4. Bc4 h6 5. d3 Nge7 6. 0-0 Be6 7. Bxe6 fxe6 8. fxe5 Qd7 9. exd6 Qxd6 10. a3 g6 11. Bd2 Bg7 12. Bc3 Nd4 13. Kh1 0-0-0 14. Nxd4 Bxd4 15. Qe1 Nc6 16. Bxd4 Nxd4 17. Qd2 e5 18. Nc3 g5 19. b4 Qc6 20. Rfc1 Rhf8 21. Nd5 Qd6 22. Rab1 c6 23. Ne3 Rd7 24. Rf1 Rdf7 25. Rxf7 Rxf7 26. Rf1 Rxf1+ 27. Nxf1 Qf6 28. Ne3 Qf4 29. Qe1 Kd7 30. Kg1 Qf7 31. c4 Ke6 32. Qf2 Qg6 33. Qf8 Qf7 34. Qc8+ Qd7 35. Qxd7+ Kxd7 36. Ng4 Ke6 37. Nxh6 Nc2 38. Kf2 Nxa3 39. Kg3 Nc2 40. b5 cxb5 41. cxb5 Nd4 42. Kg4 Kf6 43. Ng8+ Kf7 44. Nh6+ Kf6 45. Ng8+ 1/2-1/2

[Event "HUN-chT2 Barcza 0910"]
[Site "Hungary"]
[Date "2009.12.06"]
[Round "3.11"]
[White "Toldy, Emil"]
[Black "Lovas, David"]
[Result "1/2-1/2"]
[WhiteElo "1650"]
[BlackElo "1736"]
[PlyCount "81"]
[EventDate "2009.11.08"]
[EventType "team-tourn"]
[EventRounds "11"]
[EventCountry "HUN"]
[SourceTitle "EXT 2011"]
[Source "ChessBase"]
[SourceDate "2010.11.26"]
[SourceVersion "1"]
[SourceVersionDate "2010.11.26"]
[SourceQuality "1"]
[WhiteTeam "Debrecen Sakkbaratok"]
[BlackTeam "HSSE"]
[WhiteTeamCountry "HUN"]
[BlackTeamCountry "HUN"]

1. e4 e5 2. f4 d6 3. Nf3 Nc6 4. Bc4 Be7 5. 0-0 Na5 6. d3 Nxc4 7. dxc4 exf4 8. Bxf4 Be6 9. Qd3 Qd7 10. Nd4 Bf6 11. c3 Ne7 12. Nd2 Ng6 13. Qg3 0-0 14. Nxe6 Qxe6 15. Be3 c5 16. Rac1 a6 17. Qf3 Ne5 18. Qf5 Rfe8 19. Qxe6 Rxe6 20. Bf4 Nd3 21. Rc2 Nxf4 22. Rxf4 Bg5 23. Rg4 Bxd2 24. Rxd2 Rae8 25. Kf2 g6 26. Kf3 Kf8 27. h4 Ke7 28. Rg5 b6 29. Rgd5 Kd7 30. e5 h6 31. Rxd6+ Rxd6 32. Rxd6+ Kc7 33. Ke4 Re6 34. Rxe6 fxe6 35. Kf4 Kd7 36. g4 Ke7 37. g5 h5 38. b4 Kd7 39. Ke4 Kc7 40. a4 a5 41. b5 1/2-1/2